| 000 | 00653nam a2200241Ia 4500 | ||
|---|---|---|---|
| 003 | OSt | ||
| 005 | 20220926014835.0 | ||
| 006 | a|||||r|||| 00| 0 | ||
| 007 | ta | ||
| 008 | 220923b |||||||| |||| 00| 0 eng d | ||
| 020 | _a0853456054 | ||
| 037 | _cGeneral Book | ||
| 040 |
_aRTL _cRTL _beng |
||
| 041 |
_2eng _aeng |
||
| 082 | _aX:74.1.N8, M2 | ||
| 100 |
_aAmin Samir etc Ed. _9321194 |
||
| 245 | 0 | _aDynamics of global orisis | |
| 260 |
_aNew York _bMONTHLY REVIEW PRESS _c1982 |
||
| 300 |
_a240p. _ccm. |
||
| 650 | _aBusiness Cycle | ||
| 942 |
_hX:74.1.N8, M2 _cGB _2CC |
||
| 999 |
_c629984 _d629984 |
||